• 首页
  • 本馆介绍
  • 公告通知
  • 最新文献
  • 馆藏检索
  • 电子资源
  • 读者导购
  • 参考咨询
  • 我的图书馆
  • 登录
  • 详细信息显示
  • 放入我的书架
  • 预约/预借图书
  • 作者相关作品
  • 分类相关作品
  • 丛书相关作品
  • 出版社相关作品

书目信息

  • 表格格式
  • 工作单格式
  • 卡片格式
题名:
同位素景观图谱
    
 
作者: 韦斯特 主编 ;林光辉 译
分册:  
出版信息: 北京   科学出版社  2018.03
页数: 395页
开本: 24cm
丛书名:
单 册:
中图分类: P597
科图分类:
主题词: 同位素地质学
电子资源:
ISBN: 978-7-03-037219-2
000 01544nam0 2200289 450
001 4698
005 20181012161736.72
010    @a978-7-03-037219-2@dCNY168.00
100    @a20180513d2018 em y0chiy50 ea
101 1  @achi@ceng
102    @aCN@b110000
105    @ay az 001yy
200 1  @a同位素景观图谱@9tong wei su jing guan tu pu@e通过同位素制图认知地球物质移动、格局及其过程@f(美)贾森·B. 韦斯特[等]主编@g林光辉等译
210    @a北京@c科学出版社@d2018.03
215    @a395页@d24cm
304    @a主编者还有:(美)加布里埃尔·J. 鲍恩、(美)托德·E. 道森、(美)凯文·P. 杜
312    @a书名原文:ISOSCAPES: understanding movement, pattern, and process on earth through isotope mapping
320    @a有书目和索引(第386-395页)
330    @a本书是依据一次国际学术研讨会的内容编写而成的全球第一部同位素景观图谱的专著,涉及从区域和全球尺度上的同位素数据收集、监测方法和数据整合分析,到区域和全球尺度上碳、氮、氢和氧同位素景观图谱的构建,再到如何利用同位素景观图谱开展动物在陆地-海洋环境间的迁移、污染物的追踪、食品产地溯源、考古与古生态重建,以及法医调查取证等不同领域的研究。
510 1  @aISOSCAPES@eunderstanding movement, pattern, and process on earth through isotope mapping@zeng
517 1  @a通过同位素制图认知地球物质移动、格局及其过程@9tong guo tong wei su zhi tu ren zhi di qiu wu zhi yi dong、ge ju ji qi guo cheng
606 0  @a同位素地质学
690    @aP597@v5
701  0 @c(美)@a韦斯特@9wei si te@g(West, Jason B. )@4主编
702  0 @a林光辉@9lin guang hui@4译
801  0 @aCN@b91MARC@c20180513
905    @aMuseLib@dP597@e136
    
    同位素景观图谱:通过同位素制图认知地球物质移动、格局及其过程/(美)贾森·B. 韦斯特[等]主编/林光辉等译.-北京:科学出版社,2018.03
    395页;24cm
    
    
    ISBN 978-7-03-037219-2:CNY168.00
    本书是依据一次国际学术研讨会的内容编写而成的全球第一部同位素景观图谱的专著,涉及从区域和全球尺度上的同位素数据收集、监测方法和数据整合分析,到区域和全球尺度上碳、氮、氢和氧同位素景观图谱的构建,再到如何利用同位素景观图谱开展动物在陆地-海洋环境间的迁移、污染物的追踪、食品产地溯源、考古与古生态重建,以及法医调查取证等不同领域的研究。
●
相关链接 在E读中查询图书 在五车中查询图书 在当当中查询图书 在豆瓣中查询图书


正题名:同位素景观图谱     索取号:P597/136         预约/预借

序号 登录号 条形码 馆藏地/架位号 状态 备注
1 1126231   211262319   第二样本阅览室/ [索取号:P597/136] 在馆    
2 1126232   211262328   第三借阅区/ [索取号:P597/136] 在馆    
唐山师范学院图书馆 欢迎您!
大连网信软件有限公司© 版权所有